Blackadder Trivia - Statistics

General Stats
  • This quiz has been taken 1,393 times
  • The average score is 8 of 10
Answer Stats
Hint Answer % Correct
Played by Tony Robinson Baldrick
98%
Series 4 was set during which war? World war one
95%
Series 2 was set in the reign of which monarch? Elizabeth
93%
Blackadder's forename Edmund
92%
Who played Melchett? Stephen Fry
91%
What army rank was Blackadder in series 4? Captain
83%
Blackadder's companion in series 1 & 2 Percy
74%
Who shot "Speckled Jim"? Blackadder
71%
Blackadder's companion in series 3 & 4 George
69%
Who played Queen Elizabeth and Nurse Mary? Miranda Richardson
58%
No matching quizzes found
Score Distribution
Percent of People with Each Score
Percentile by Number Answered
Your Score History
You have not taken this quiz